[Event "XL Mar del Plata International open"]
[Site "Plaza del Agua"]
[Date "2009.04.11"]
[Round "8"]
[White "Crespo, Eugenio"]
[Black "Herrera, Martin"]
[Result "1-0"]
[WhiteElo "2004"]
[BlackElo "2178"]
[PlyCount "63"]
[EventDate "2009.04.07"]
[SourceDate "2009.04.15"]

1. e4 c6 2. d4 d5 3. Nc3 dxe4 4. Nxe4 Bf5 5. Ng3 Bg6 6. Nf3 Nd7 7. h4 h6 8. Bd3
Bxd3 9. Qxd3 Ngf6 10. Bd2 e6 11. O-O-O Qc7 12. Ne4 Nxe4 13. Qxe4 Nf6 14. Qe2
Bd6 15. g3 O-O-O 16. c4 c5 17. Bc3 cxd4 18. Bxd4 Kb8 19. Kb1 Ka8 20. c5 Bxc5
21. Rc1 Rd5 22. Rc4 Qb6 23. Rhc1 Nd7 24. Bxg7 Rh7 25. Ne5 Nb8 26. Bf6 Bd4 27.
Rc8 a6 28. b3 Qb5 29. Qc2 Bxe5 30. Bxe5 Rxe5 31. Qxh7 Rf5 32. Qh8 1-0

[Event "XL Mar del Plata International open"]
[Site "Plaza del Agua"]
[Date "2009.04.11"]
[Round "8"]
[White "Gonzalez, Victor"]
[Black "Gallego, Gonzalo"]
[Result "0-1"]
[WhiteElo "1977"]
[BlackElo "2177"]
[PlyCount "74"]
[EventDate "2009.04.07"]
[SourceDate "2009.04.15"]

1. e4 c5 2. Nf3 Nc6 3. Bb5 g6 4. O-O Bg7 5. Bxc6 dxc6 6. d3 Nf6 7. Nbd2 O-O 8.
Rb1 Qc7 9. b3 Nh5 10. Re1 e5 11. Nc4 Nf4 12. Bxf4 exf4 13. h3 Bc3 14. Re2 b5
15. Ncd2 Re8 16. Qc1 h6 17. a4 g5 18. Qa3 Qe7 19. Nh2 h5 20. f3 Bd4+ 21. Kf1
Be6 22. axb5 cxb5 23. Qa6 Rab8 24. Qa3 Bg7 25. b4 cxb4 26. Qxb4 Qxb4 27. Rxb4
Bc3 28. Rb1 a5 29. Nb3 a4 30. Na1 Red8 31. Kf2 b4 32. Nf1 b3 33. cxb3 axb3 34.
Nd2 b2 35. Nc2 Rxd3 36. Rd1 Bxd2 37. Rexd2 Rxd2+ 0-1

[Event "XL Mar del Plata International open"]
[Site "Plaza del Agua"]
[Date "2009.04.11"]
[Round "8"]
[White "Di Giannantonio, Nino"]
[Black "Coda, Carlos Alberto"]
[Result "1/2-1/2"]
[WhiteElo "1989"]
[BlackElo "2165"]
[PlyCount "81"]
[EventDate "2009.04.07"]
[SourceDate "2009.04.15"]

1. e4 e5 2. Nf3 Nf6 3. Nxe5 d6 4. Nf3 Nxe4 5. d4 d5 6. Bd3 Bg4 7. O-O Be7 8.
Re1 Nc6 9. c3 f5 10. Nbd2 O-O 11. Qb3 Nxd2 12. Bxd2 Bxf3 13. gxf3 Bd6 14. Qxd5+
Kh8 15. f4 Qh4 16. Qf3 Rf6 17. Kh1 Rh6 18. Qg3 Qf6 19. Rg1 Ne7 20. Rg2 Ng6 21.
Qg5 Nh4 22. Qxf6 Rxf6 23. Rg3 Ng6 24. Rf3 Re8 25. Re3 Ref8 26. Rf3 Re6 27. Re3
Nxf4 28. Rxe6 Nxe6 29. Re1 Nd8 30. c4 c6 31. c5 Bb8 32. Bxf5 Kg8 33. Bb1 Rxf2
34. Re8+ Kf7 35. Rxd8 Rxh2+ 36. Kg1 Rxd2 37. Bxh7 Bh2+ 38. Kh1 Rxb2 39. Rd7+
Kf6 40. Bg8 Bg3 41. Bb3 1/2-1/2

[Event "XL Mar del Plata International open"]
[Site "Plaza del Agua"]
[Date "2009.04.11"]
[Round "8"]
[White "Fidel, Roberto Oscar"]
[Black "Onsari, Leandro"]
[Result "1-0"]
[WhiteElo "2156"]
[BlackElo "2004"]
[PlyCount "63"]
[EventDate "2009.04.07"]
[SourceDate "2009.04.15"]

1. d4 Nf6 2. c4 g6 3. Nc3 d5 4. Nf3 Bg7 5. Bg5 c6 6. e3 O-O 7. Bd3 a6 8. O-O b5
9. cxd5 cxd5 10. Qb3 e6 11. Rfc1 Nc6 12. Ne5 Na5 13. Qb4 Re8 14. Ng4 Nc4 15.
Nxf6+ Bxf6 16. Bxf6 Qxf6 17. b3 a5 18. Qc5 b4 19. Nb5 Nb2 20. Bf1 e5 21. Qc2
Rb8 22. Qxb2 e4 23. Rc5 h5 24. Nc7 Rd8 25. Nxd5 Qd6 26. Rac1 Bd7 27. Nf4 Kg7
28. Qc2 f5 29. h4 g5 30. hxg5 Rg8 31. Rc7 Kh8 32. Qc5 1-0

[Event "XL Mar del Plata International open"]
[Site "Plaza del Agua"]
[Date "2009.04.11"]
[Round "8"]
[White "Maucci, Luis Marcelo"]
[Black "Saralegui Cassan, Mario"]
[Result "0-1"]
[WhiteElo "1932"]
[BlackElo "2148"]
[PlyCount "72"]
[EventDate "2009.04.07"]
[SourceDate "2009.04.15"]

1. e4 e5 2. Nf3 Nc6 3. Bb5 a6 4. Ba4 Nf6 5. O-O b5 6. Bb3 Bc5 7. c3 d6 8. d4
Bb6 9. Bg5 h6 10. Bh4 Qe7 11. a4 Rb8 12. axb5 axb5 13. Qd3 Bd7 14. Nbd2 O-O 15.
Rfe1 g5 16. Bg3 Rfd8 17. Nf1 Nh5 18. Ne3 Qf8 19. Nf5 Nxg3 20. hxg3 Bxf5 21.
exf5 exd4 22. Qe4 Ne5 23. Nxd4 Qg7 24. Kf1 Re8 25. Qc2 Qf6 26. Bd5 b4 27. Rad1
bxc3 28. bxc3 Ng4 29. Rxe8+ Rxe8 30. Qa4 Rf8 31. Qd7 Qe5 32. Ba2 Nf6 33. Qa4
Ne4 34. Qc2 d5 35. Ne2 Qxf5 36. Nd4 Bxd4 0-1

[Event "XL Mar del Plata International open"]
[Site "Plaza del Agua"]
[Date "2009.04.11"]
[Round "8"]
[White "Cervetto, Esteban"]
[Black "Flores, Nancy"]
[Result "0-1"]
[WhiteElo "2128"]
[BlackElo "1913"]
[PlyCount "67"]
[EventDate "2009.04.07"]
[SourceDate "2009.04.15"]

1. e4 c5 2. Nf3 d6 3. d4 cxd4 4. Nxd4 Nf6 5. Nc3 a6 6. Be2 e5 7. Nb3 Be7 8. Bg5
Nbd7 9. a4 O-O 10. a5 Qc7 11. O-O h6 12. Be3 Nc5 13. f3 Rd8 14. Bc4 Bd7 15. Nd5
Nxd5 16. Bxd5 Nxb3 17. Bb6 Qc8 18. cxb3 Rf8 19. f4 exf4 20. Rxf4 Bg5 21. Rf2
Bc6 22. Qd3 Bd8 23. Be3 Qg4 24. b4 Rc8 25. Bd2 Bxd5 26. Qxd5 b6 27. Bf4 bxa5
28. Bxd6 Bb6 29. Bc5 Rcd8 30. Qf5 Rd1+ 31. Rxd1 Qxd1+ 32. Rf1 Qd8 33. Qd5 axb4
34. Rd1 0-1

[Event "XL Mar del Plata International open"]
[Site "Plaza del Agua"]
[Date "2009.04.12"]
[Round "9"]
[White "Alonso, Salvador"]
[Black "Van Riemsdijk, Herman Claudius"]
[Result "1/2-1/2"]
[WhiteElo "2489"]
[BlackElo "2375"]
[PlyCount "37"]
[EventDate "2009.04.07"]
[SourceDate "2009.04.16"]

1. e4 e5 2. Nf3 Nc6 3. Bb5 a6 4. Ba4 Nf6 5. O-O Be7 6. Re1 b5 7. Bb3 d6 8. c3
O-O 9. h3 Na5 10. Bc2 c5 11. d4 Qc7 12. Nbd2 cxd4 13. cxd4 Bb7 14. d5 Rac8 15.
Bb1 Nh5 16. Nf1 Nf4 17. Ng3 Bf6 18. b3 Qc3 19. Qd2 1/2-1/2

[Event "XL Mar del Plata International open"]
[Site "Plaza del Agua"]
[Date "2009.04.12"]
[Round "9"]
[White "Moreda, Lucas"]
[Black "Calderon Fernandez, Gervasio"]
[Result "0-1"]
[WhiteElo "2322"]
[BlackElo "2302"]
[PlyCount "114"]
[EventDate "2009.04.07"]
[SourceDate "2009.04.16"]

1. e4 c5 2. c3 Nf6 3. e5 Nd5 4. d4 cxd4 5. cxd4 d6 6. Nf3 Nc6 7. Nc3 dxe5 8.
dxe5 Nxc3 9. Qxd8+ Nxd8 10. bxc3 g6 11. Bb5+ Bd7 12. Bxd7+ Kxd7 13. O-O Bg7 14.
Be3 Ne6 15. Rab1 b6 16. Rfd1+ Kc7 17. Rb5 Rhd8 18. Nd4 Kb7 19. Rdb1 Nc7 20. Rc5
Rd5 21. Rc4 Bxe5 22. Nc6 Bf6 23. a4 Rd6 24. Na5+ Kc8 25. Nb3 Kd7 26. Nd2 Rc6
27. Rxc6 Kxc6 28. Ne4 Bg7 29. c4 Ne6 30. g4 Rd8 31. a5 Bd4 32. axb6 axb6 33.
Bc1 Nc5 34. Ng5 Bf6 35. Be3 Bxg5 36. Bxg5 Rd4 37. Bxe7 Rxg4+ 38. Kf1 Rxc4 39.
Rd1 Nb7 40. Rd3 Rf4 41. Kg2 Rf5 42. Bf8 h5 43. Bh6 Nd6 44. Rc3+ Rc5 45. Rf3 Nf5
46. Bg5 b5 47. Bf6 b4 48. Rf4 Kb5 49. Re4 Rc6 50. Ba1 Re6 51. Rxe6 fxe6 52. Kf3
Nd6 53. Kf4 Nf7 54. Ke4 Kc4 55. Bf6 Kb3 56. Be7 Kc3 57. Bf6+ Kc2 0-1

[Event "XL Mar del Plata International open"]
[Site "Plaza del Agua"]
[Date "2009.04.12"]
[Round "9"]
[White "Aguilar, Andres"]
[Black "Pierrot, Facundo"]
[Result "0-1"]
[WhiteElo "2192"]
[BlackElo "2422"]
[PlyCount "76"]
[EventDate "2009.04.07"]
[SourceDate "2009.04.16"]

1. e4 e5 2. Nf3 Nc6 3. Bb5 a6 4. Ba4 Nf6 5. O-O Be7 6. Re1 b5 7. Bb3 d6 8. c3
O-O 9. d4 Bg4 10. Be3 exd4 11. cxd4 Na5 12. Bc2 c5 13. dxc5 dxc5 14. Nbd2 Nc6
15. Nb3 c4 16. Nbd4 Nxd4 17. Qxd4 Qxd4 18. Nxd4 Bb4 19. Rec1 Rac8 20. f3 Bd7
21. Bd1 Rfd8 22. Nc2 Bf8 23. Bb6 Re8 24. a3 Bc6 25. Ne3 Nd7 26. Bd4 Nc5 27. Bc2
Ne6 28. Bc3 Bc5 29. Re1 Nd4 30. Kf1 f5 31. Bxd4 Bxd4 32. Nxf5 Bxb2 33. Nd6 Bxa1
34. Rxa1 a5 35. a4 b4 36. Nxc4 Bb7 37. Ne3 Rc3 38. Ke2 Rd8 0-1

[Event "XL Mar del Plata International open"]
[Site "Plaza del Agua"]
[Date "2009.04.12"]
[Round "9"]
[White "Duarte, Leonardo"]
[Black "Lopez Gomez, Diego"]
[Result "1-0"]
[WhiteElo "2349"]
[BlackElo "2165"]
[PlyCount "57"]
[EventDate "2009.04.07"]
[SourceDate "2009.04.16"]

1. e4 e6 2. d4 d5 3. Nc3 Nf6 4. Bg5 dxe4 5. Nxe4 Be7 6. Bxf6 gxf6 7. Nf3 b6 8.
Bc4 Bb7 9. Qe2 Nd7 10. O-O-O c6 11. Kb1 Qc7 12. Nc3 O-O-O 13. Ba6 Rhe8 14. Rhe1
Kb8 15. Bxb7 Qxb7 16. Qe4 Nf8 17. a3 Ng6 18. g3 f5 19. Qe2 Bf6 20. h4 Ne7 21.
Ne5 Nd5 22. Nxd5 Rxd5 23. Qh5 Red8 24. Nxf7 R8d7 25. Ng5 e5 26. dxe5 Rxd1+ 27.
Rxd1 Rxd1+ 28. Qxd1 Bxg5 29. Qd6+ 1-0

[Event "XL Mar del Plata International open"]
[Site "Plaza del Agua"]
[Date "2009.04.12"]
[Round "9"]
[White "De Dovittis, Alejo"]
[Black "Restuccia, Francisco"]
[Result "1-0"]
[WhiteElo "2346"]
[BlackElo "2115"]
[PlyCount "63"]
[EventDate "2009.04.07"]
[SourceDate "2009.04.16"]

1. e4 c5 2. Nf3 d6 3. d4 cxd4 4. Nxd4 Nf6 5. Nc3 a6 6. f4 e5 7. Nf3 Qc7 8. Bd3
b5 9. a3 Nbd7 10. O-O h6 11. Kh1 Bb7 12. Bd2 Be7 13. Qe1 Nf8 14. a4 bxa4 15.
Rxa4 Ne6 16. Rc4 Qb8 17. fxe5 dxe5 18. Qg3 Bd6 19. Nh4 Nh5 20. Qf3 Nhf4 21. g3
Ng5 22. Qg4 Nfe6 23. Na4 g6 24. Nb6 O-O 25. Nd7 f5 26. Nxf5 gxf5 27. Rxf5 Qa7
28. Nxf8 Rxf8 29. Rxf8+ Bxf8 30. Bxg5 Nxg5 31. h4 Qe3 32. hxg5 1-0

[Event "XL Mar del Plata International open"]
[Site "Plaza del Agua"]
[Date "2009.04.12"]
[Round "9"]
[White "Cejas, Jose Angel"]
[Black "Bianchi, Albino"]
[Result "1-0"]
[WhiteElo "2336"]
[BlackElo "2102"]
[PlyCount "103"]
[EventDate "2009.04.07"]
[SourceDate "2009.04.07"]

1. d4 Nf6 2. Nf3 g6 3. Bg5 Bg7 4. Nbd2 d5 5. e3 Bf5 6. Be2 O-O 7. O-O Nbd7 8.
Nh4 Be6 9. Nhf3 h6 10. Bh4 g5 11. Bg3 Nh5 12. c4 Nxg3 13. hxg3 c6 14. b4 dxc4
15. Nxc4 Bxc4 16. Bxc4 e5 17. Qc2 exd4 18. exd4 Nb6 19. Bb3 a5 20. Qf5 axb4 21.
Rae1 Nd5 22. Re5 Bxe5 23. Bc2 Re8 24. Qh7+ Kf8 25. Nxe5 Rxe5 26. Qxh6+ Ke8 27.
dxe5 Rxa2 28. Bf5 Qe7 29. e6 fxe6 30. Re1 Kd8 31. Bb1 Ra5 32. Rxe6 Qc5 33.
Qxg5+ Kc7 34. Re1 Qc3 35. Rf1 b3 36. g4 Qd4 37. Qf5 Kb6 38. Qd7 Ra1 39. g5 Ra8
40. g6 Qf6 41. Qg4 b2 42. Re1 Rf8 43. Qe2 Nf4 44. Qe3+ c5 45. g3 Nh5 46. Qb3+
Kc7 47. Re2 b6 48. Rxb2 Re8 49. Ra2 Re1+ 50. Kh2 Nxg3 51. Qf7+ Qxf7 52. gxf7
1-0

[Event "XL Mar del Plata International open"]
[Site "Plaza del Agua"]
[Date "2009.04.12"]
[Round "9"]
[White "Mussanti, Diego"]
[Black "Alpern, Adrian"]
[Result "1-0"]
[WhiteElo "2327"]
[BlackElo "2179"]
[PlyCount "109"]
[EventDate "2009.04.16"]
[SourceDate "2009.04.16"]

1. e4 e5 2. Nf3 d6 3. d4 Nf6 4. Nc3 Nbd7 5. Bc4 Be7 6. O-O O-O 7. a4 c6 8. a5
Rb8 9. Qe2 b5 10. axb6 axb6 11. d5 Bb7 12. dxc6 Bxc6 13. Rd1 Ra8 14. Rxa8 Qxa8
15. Bg5 h6 16. Bh4 Re8 17. Nd2 Nc5 18. Bxf6 Bxf6 19. Nd5 Bd8 20. c3 Ne6 21. g3
Qb7 22. Nb4 Bd7 23. Bd5 Qb8 24. Ra1 b5 25. Nc6 Qb6 26. Nb4 Nc7 27. Bb3 Be6 28.
h4 Be7 29. Qd3 Bxb3 30. Nxb3 Ra8 31. Rxa8+ Nxa8 32. Nd5 Qd8 33. Qxb5 Nc7 34.
Nxc7 Qxc7 35. Nd2 g5 36. h5 Qc8 37. Qe2 f5 38. exf5 Qxf5 39. Nf1 d5 40. Ne3 Qe4
41. Qb5 d4 42. Qd5+ Qxd5 43. Nxd5 Bd8 44. Kg2 g4 45. cxd4 exd4 46. f3 Kf7 47.
fxg4 Ke6 48. Nf4+ Ke5 49. Kf3 Bg5 50. b4 Bd8 51. b5 Bf6 52. b6 Bd8 53. b7 Bc7
54. Nd3+ Kd5 55. g5 1-0

[Event "XL Mar del Plata International open"]
[Site "Plaza del Agua"]
[Date "2009.04.12"]
[Round "9"]
[White "Zamorano, Jorge"]
[Black "Garcia Quiroga, Maximiliano"]
[Result "1-0"]
[WhiteElo "2247"]
[BlackElo "2038"]
[PlyCount "101"]
[EventDate "2009.04.16"]
[SourceDate "2009.04.16"]

1. c4 f5 2. g3 Nf6 3. Bg2 c6 4. d4 e6 5. Nf3 d5 6. O-O Bd6 7. b3 Qe7 8. Bb2 O-O
9. Nbd2 Bd7 10. Ne5 Be8 11. Nd3 Nbd7 12. e3 Bh5 13. Qc2 Ne4 14. Nf4 Bf7 15. Nd3
Nxd2 16. Qxd2 dxc4 17. bxc4 e5 18. dxe5 Nxe5 19. Qc3 Bxc4 20. Nxe5 Bxf1 21.
Bxf1 Bxe5 22. Qxe5 Qxe5 23. Bxe5 b5 24. Bg2 Rac8 25. Rc1 Rfe8 26. f4 Re6 27.
Bd5 Kf7 28. g4 g6 29. gxf5 gxf5 30. Bxe6+ Kxe6 31. Rc5 Kd7 32. Bd4 Rf8 33. Kf2
a5 34. a4 b4 35. Rxa5 b3 36. Ra7+ Ke6 37. Rb7 Ra8 38. Rxb3 Rxa4 39. Rb7 h5 40.
Rh7 Ra2+ 41. Kg3 h4+ 42. Rxh4 Kd5 43. Rh8 c5 44. Rd8+ Ke4 45. Bxc5 Rg2+ 46. Kh4
Rxh2+ 47. Kg5 Rg2+ 48. Kf6 Rc2 49. Re8+ Kf3 50. Bd4 Kg4 51. Rg8+ 1-0

[Event "XL Mar del Plata International open"]
[Site "Plaza del Agua"]
[Date "2009.04.12"]
[Round "9"]
[White "Virgillito, Cristian"]
[Black "Crespo, Eugenio"]
[Result "1-0"]
[WhiteElo "2216"]
[BlackElo "2004"]
[PlyCount "75"]
[EventDate "2009.04.16"]
[SourceDate "2009.04.16"]

1. e4 e6 2. d4 d5 3. Nd2 Nf6 4. e5 Nfd7 5. Bd3 c5 6. c3 Nc6 7. Ne2 Qb6 8. Nf3
cxd4 9. cxd4 f6 10. exf6 Nxf6 11. O-O Bd6 12. Bf4 Bxf4 13. Nxf4 O-O 14. Re1 Ne4
15. Nh3 e5 16. Bxe4 dxe4 17. Rxe4 Bxh3 18. gxh3 Rad8 19. Nxe5 Nxd4 20. Qg4 Qxb2
21. Rf1 Rd5 22. Rxd4 Rxe5 23. Rd7 Ref5 24. Qg2 Rf3 25. a4 h6 26. h4 h5 27. Kh1
R8f7 28. Rd8+ Kh7 29. Rd5 g6 30. Rg1 Qf6 31. Rd2 Qc6 32. Rgd1 Qxa4 33. Rd4 Qc6
34. Rd6 Qc2 35. R1d3 Qb1+ 36. Rd1 Qe4 37. Rd7 Qxh4 38. Qxf3 1-0

[Event "XL Mar del Plata International open"]
[Site "Plaza del Agua"]
[Date "2009.04.12"]
[Round "9"]
[White "Dominguez, Diego"]
[Black "Tobares, Leandro"]
[Result "1/2-1/2"]
[WhiteElo "2002"]
[BlackElo "2216"]
[PlyCount "36"]
[EventDate "2009.04.16"]
[SourceDate "2009.04.16"]

1. d4 Nf6 2. c4 c5 3. Nf3 cxd4 4. Nxd4 e5 5. Nf3 Nc6 6. Nc3 Bb4 7. Bd2 O-O 8.
e3 e4 9. Ng5 Re8 10. Qc2 d5 11. cxd5 Nxd5 12. Ngxe4 Bf5 13. Bd3 Ne5 14. Nf6+
Nxf6 15. Bxf5 g6 16. Bh3 Qd3 17. O-O-O Rad8 18. Kb1 Qxc2+ 1/2-1/2

[Event "XL Mar del Plata International open"]
[Site "Plaza del Agua"]
[Date "2009.04.12"]
[Round "9"]
[White "Contin, Daniel"]
[Black "Celestino, Guillermo"]
[Result "1-0"]
[WhiteElo "2321"]
[BlackElo "2141"]
[PlyCount "31"]
[EventDate "2009.04.16"]
[SourceDate "2009.04.16"]

1. c4 c5 2. Nc3 Nc6 3. Nf3 g6 4. e3 Nf6 5. d4 cxd4 6. exd4 d5 7. Bg5 Ne4 8.
cxd5 Nxc3 9. bxc3 Qxd5 10. Qb3 Qe4+ 11. Be3 Bg7 12. Qxf7+ Kxf7 13. Ng5+ Ke8 14.
Nxe4 Bd7 15. h4 b6 16. h5 1-0

[Event "XL Mar del Plata International open"]
[Site "Plaza del Agua"]
[Date "2009.04.12"]
[Round "9"]
[White "Rivas, Lucas Matias"]
[Black "Mavrich, Leandro Nicolas"]
[Result "0-1"]
[WhiteElo "1967"]
[BlackElo "2178"]
[PlyCount "76"]
[EventDate "2009.04.16"]
[SourceDate "2009.04.16"]

1. d4 Nf6 2. Nf3 g6 3. Bg5 Bg7 4. Nbd2 h6 5. Bh4 c5 6. e3 d5 7. Bd3 c4 8. Be2
Nc6 9. O-O b5 10. c3 Bf5 11. Bg3 a5 12. Ne5 Qb6 13. b3 O-O 14. f3 Rfc8 15. Kh1
Nxe5 16. Bxe5 Qb7 17. e4 Be6 18. bxc4 bxc4 19. Rb1 Qc6 20. Rb2 Nd7 21. Bg3 Nb6
22. Re1 Na4 23. Rc2 f6 24. Nxc4 dxc4 25. d5 Qd7 26. dxe6 Qxe6 27. f4 Rd8 28.
Qc1 Nc5 29. e5 Nd3 30. Bxd3 cxd3 31. Rd2 fxe5 32. fxe5 Qc4 33. Re3 h5 34. Qf1
Rf8 35. Rf3 Rxf3 36. gxf3 Rd8 37. Qb1 Qxc3 38. Qb6 Qc1+ 0-1

[Event "XL Mar del Plata International open"]
[Site "Plaza del Agua"]
[Date "2009.04.12"]
[Round "9"]
[White "Moccero, Eduardo"]
[Black "Gallego, Gonzalo"]
[Result "0-1"]
[WhiteElo "2055"]
[BlackElo "2177"]
[PlyCount "54"]
[EventDate "2009.04.16"]
[SourceDate "2009.04.16"]

1. d4 Nf6 2. Nf3 e6 3. Nbd2 d5 4. e3 b6 5. Bd3 Bb7 6. O-O Be7 7. c3 O-O 8. Qe2
c5 9. dxc5 bxc5 10. Rd1 Qc7 11. e4 Nbd7 12. exd5 exd5 13. Nf1 Bd6 14. Ng3 Rfe8
15. Qc2 Ne4 16. Bg5 f6 17. Be3 g6 18. Bh6 f5 19. Bxe4 fxe4 20. Ng5 Nf6 21. Nh3
Ng4 22. Qd2 e3 23. Bxe3 Rxe3 24. fxe3 Bxg3 25. Nf4 Bxh2+ 26. Kh1 Qg7 27. Nxd5
Qh6 0-1

[Event "XL Mar del Plata International open"]
[Site "Plaza del Agua"]
[Date "2009.04.12"]
[Round "9"]
[White "Flores, Nancy"]
[Black "Fidel, Roberto Oscar"]
[Result "0-1"]
[WhiteElo "1913"]
[BlackElo "2156"]
[PlyCount "78"]
[EventDate "2009.04.16"]
[SourceDate "2009.04.16"]

1. Nf3 e6 2. g3 Nf6 3. Bg2 d5 4. c4 Be7 5. b3 O-O 6. Bb2 c5 7. cxd5 exd5 8. O-O
Nc6 9. d3 h6 10. Nbd2 Bf5 11. Re1 Re8 12. e4 Bh7 13. e5 Nd7 14. d4 cxd4 15.
Nxd4 Ndxe5 16. Nxc6 Nxc6 17. Nf1 Nb4 18. Ne3 Nd3 19. Nxd5 Nxe1 20. Qxe1 Ba3 21.
Qc3 Bxb2 22. Qxb2 Be4 23. Nb4 Bxg2 24. Kxg2 Rc8 25. h4 Qd7 26. Kg1 Qg4 27. Qa3
a6 28. Nd5 Qe4 29. Ne3 Qf3 30. Qd6 Rcd8 31. Qc5 Rd2 32. Rf1 Rxa2 33. Nf5 Rd2
34. Nd6 Rd8 35. Nf5 Rd1 36. Ne3 Rxf1+ 37. Nxf1 Rd1 38. Qc8+ Kh7 39. Qc2+ Qd3
0-1

[Event "XL Mar del Plata International open"]
[Site "Plaza del Agua"]
[Date "2009.04.12"]
[Round "9"]
[White "Lovece, Ruth"]
[Black "Covas, Guillermo Maximilian"]
[Result "1-0"]
[WhiteElo "2016"]
[BlackElo "2167"]
[PlyCount "93"]
[EventDate "2009.04.16"]
[SourceDate "2009.04.17"]

1. e4 a6 2. d4 b5 3. Bd3 Bb7 4. Nf3 Nf6 5. Qe2 e6 6. O-O Be7 7. c3 d5 8. e5
Nfd7 9. Nbd2 c5 10. Re1 Nc6 11. Nf1 c4 12. Bc2 a5 13. Ng3 h5 14. h3 b4 15. Nh2
g6 16. f4 Nf8 17. Nf3 Qb6 18. Ng5 Bxg5 19. fxg5 Ba6 20. Qf2 Rg8 21. Rf1 Ra7 22.
a3 b3 23. Bd1 Nh7 24. Qf4 Qd8 25. Be3 Qe7 26. Kf2 Qf8 27. Ke1 Ne7 28. Kd2 Qg7
29. h4 Rb7 30. Be2 Bb5 31. Rf2 Rf8 32. Raf1 Bd7 33. Nh1 Nf5 34. Kc1 Bc8 35. Bd2
Rh8 36. g3 Nf8 37. Rh2 Rh7 38. Nf2 Nd7 39. g4 hxg4 40. Nxg4 Qh8 41. Be1 Kd8 42.
Nf6 Nxf6 43. exf6 Qf8 44. Qe5 Qd6 45. Rxf5 Qxa3 46. bxa3 b2+ 47. Kb1 1-0

[Event "XL Mar del Plata International open"]
[Site "Plaza del Agua"]
[Date "2009.04.12"]
[Round "9"]
[White "Daneri, Martin"]
[Black "Di Giannantonio, Nino"]
[Result "1-0"]
[WhiteElo "2149"]
[BlackElo "1989"]
[PlyCount "81"]
[EventDate "2009.04.16"]
[SourceDate "2009.04.17"]

1. e4 c5 2. Nc3 Nc6 3. Bb5 Nd4 4. Bc4 e6 5. Nf3 Ne7 6. O-O d6 7. Nxd4 cxd4 8.
Ne2 Nc6 9. d3 g6 10. f4 Bg7 11. Ng3 h5 12. Qf3 h4 13. Nh1 Bd7 14. a3 Qc7 15. b4
O-O-O 16. Bd2 Ne7 17. Nf2 d5 18. exd5 exd5 19. Bb3 Be6 20. Rae1 a6 21. Nh3 Bxh3
22. Qxh3+ Nf5 23. Qf3 Qd7 24. Re2 Bf6 25. Rfe1 b5 26. Ra1 Kc7 27. a4 Kb6 28.
Ree1 Qb7 29. axb5 axb5 30. Ra5 Bg7 31. Rea1 Rhf8 32. g4 hxg3 33. hxg3 Rfe8 34.
Bxd5 Qxd5 35. Ra6+ Kc7 36. Ra7+ Kb8 37. Ra8+ Kb7 38. Qxd5+ Rxd5 39. Rxe8 Nxg3
40. Re7+ Kb6 41. Rxf7 1-0

[Event "XL Mar del Plata International open"]
[Site "Plaza del Agua"]
[Date "2009.04.12"]
[Round "9"]
[White "Herrera, Martin"]
[Black "Navarro, Alberto"]
[Result "1-0"]
[WhiteElo "2178"]
[BlackElo "1884"]
[PlyCount "89"]
[EventDate "2009.04.16"]
[SourceDate "2009.04.17"]

1. e4 e5 2. Nf3 Nc6 3. Bc4 Be7 4. O-O Nf6 5. Re1 O-O 6. d3 d6 7. c3 h6 8. Nbd2
Na5 9. Bb5 Bd7 10. Bxd7 Qxd7 11. d4 exd4 12. cxd4 Nc6 13. d5 Ne5 14. Nxe5 dxe5
15. Nf3 Bd6 16. Nh4 Qg4 17. Qxg4 Nxg4 18. h3 Nf6 19. Bd2 Bc5 20. Rac1 Bb6 21.
b4 Ne8 22. Be3 f6 23. Bc5 Rf7 24. Nf5 Kh7 25. g4 g6 26. Ne3 Rd7 27. a4 a5 28.
Bxb6 cxb6 29. Nc4 Rc7 30. d6 Rxc4 31. Rxc4 Nxd6 32. Rc7+ Kg8 33. bxa5 bxa5 34.
Rd7 Nc4 35. Rxb7 Rd8 36. Reb1 Nd6 37. Rb8 Rxb8 38. Rxb8+ Kg7 39. f3 f5 40. gxf5
gxf5 41. exf5 Nxf5 42. Rb5 Nd4 43. Rxa5 Nxf3+ 44. Kf2 Ng5 45. Rxe5 1-0

[Event "XL Mar del Plata International open"]
[Site "Plaza del Agua"]
[Date "2009.04.12"]
[Round "9"]
[White "Navarro, Karina"]
[Black "Cervetto, Esteban"]
[Result "1/2-1/2"]
[WhiteElo "1889"]
[BlackElo "2128"]
[PlyCount "49"]
[EventDate "2009.04.16"]
[SourceDate "2009.04.17"]

1. e4 e5 2. Nf3 Nc6 3. Bb5 a6 4. Ba4 Nf6 5. O-O Be7 6. Re1 b5 7. Bb3 d6 8. c3
O-O 9. d4 Bg4 10. d5 Na5 11. Bc2 c6 12. dxc6 Qc7 13. Nbd2 Rad8 14. h3 Bc8 15.
Nf1 d5 16. exd5 Rxd5 17. Qe2 Nxc6 18. Bb3 Rdd8 19. Nxe5 Nxe5 20. Qxe5 Bd6 21.
Qg5 h6 22. Qh4 Qc6 23. f3 Bf5 24. Be3 Rd7 25. Kh1 1/2-1/2